000 00307nam a22001217a 4500
999 _c15457
_d15457
020 _a9788173817861
082 _a660.6
_bSHR/IN
100 _aShrivastava , S
_93161
245 _aIntroductory Nanobiotechnology
260 _aLondon ;
_bNew central book agency ltd ,
_c2013 .
300 _a255 p.
942 _cBK